Gegè Telesforo (Record n. 98895)

Dettagli MARC
000 -LEADER
fixed length control field 02322njm a2200409Ia 4500
001 - CONTROL NUMBER
control field 95840
003 - CONTROL NUMBER IDENTIFIER
control field IT-RoPAU
005 - DATE AND TIME OF LATEST TRANSACTION
control field 20220918181110.0
008 - FIXED-LENGTH DATA ELEMENTS--GENERAL INFORMATION
fixed length control field 131025s9999 xx 000 0 und d
040 ## - CATALOGING SOURCE
Original cataloging agency IT-RoPAU
040 ## - CATALOGING SOURCE
Transcribing agency IT-RoPAU
041 ## - LANGUAGE CODE
Language code of text/sound track or separate title ITALIANO
999 ## - SYSTEM CONTROL NUMBERS (KOHA)
Koha Dewey Subclass [OBSOLETE] n.d.
100 ## - MAIN ENTRY--PERSONAL NAME
Personal name AA.VV.
9 (RLIN) 794
100 ## - MAIN ENTRY--PERSONAL NAME
Relator term Autore musica
9 (RLIN) 27444
100 ## - MAIN ENTRY--PERSONAL NAME
Miscellaneous information Codice autore musica SPICS: 12000
9 (RLIN) 796
245 ## - TITLE STATEMENT
Title Gegè Telesforo
250 ## - EDITION STATEMENT
Edition statement 1a ed.
260 ## - PUBLICATION, DISTRIBUTION, ETC. (IMPRINT)
Place of publication, distribution, etc. ITALY
260 ## - PUBLICATION, DISTRIBUTION, ETC. (IMPRINT)
Name of publisher, distributor, etc. GALA RECORDS
Date of publication, distribution, etc. 1991 [1a Ed.:1991 - Ed. Lingua Orig.: 1991]
300 ## - PHYSICAL DESCRIPTION
Extent COMPACT DISC
500 ## - GENERAL NOTE
General note Musica leggera. Canzone italiana
505 ## - FORMATTED CONTENTS NOTE
Formatted contents note Cu cu? …ba! - Maschi - Così solare - Mister Doc (Day By Day) - Metto il naso - Una "strana storia" - Desire of Love - Il senno di poi - Lady Is A Tramp - Metto il naso (La mosca)
650 ## - SUBJECT ADDED ENTRY--TOPICAL TERM
Topical term or geographic name as entry element MUSICA LEGGERA [COMPACT DISC]
Relator term Codice MATERIA SPICS: 9949
9 (RLIN) 27445
700 ## - ADDED ENTRY--PERSONAL NAME
Personal name Telesforo Gegè
Miscellaneous information Codice interprete SPICS: 33412
Relator term Interprete
9 (RLIN) 27446
700 ## - ADDED ENTRY--PERSONAL NAME
Personal name Bottini Max
Miscellaneous information Codice autore musica SPICS: 33413
Relator term Autore musica
Name of part/section of a work Cu cu? …ba! - Maschi - Così solare - Metto il naso - Desire of Love - Metto il naso (La mosca)
9 (RLIN) 27447
700 ## - ADDED ENTRY--PERSONAL NAME
Personal name Telesforo Gegè
Miscellaneous information Codice autore testo/musica SPICS: 33412
Relator term Autore testo/musica
Name of part/section of a work Cu cu? …ba! - Maschi - Metto il naso - Desire of Love - Il senno di poi - Metto il naso (La mosca)
9 (RLIN) 27448
700 ## - ADDED ENTRY--PERSONAL NAME
Personal name Grandi
Miscellaneous information Codice autore musica SPICS: 33414
Relator term Autore musica
Name of part/section of a work Maschi - Così solare - Metto il naso - Una "strana storia" - Il senno di poi
9 (RLIN) 27449
700 ## - ADDED ENTRY--PERSONAL NAME
Personal name Cammariere
Miscellaneous information Codice autore testo/musica SPICS: 33415
Relator term Autore testo/musica
Name of part/section of a work Così solare
9 (RLIN) 27450
700 ## - ADDED ENTRY--PERSONAL NAME
Personal name Mattone Claudio
Miscellaneous information Codice autore musica SPICS: 23582
Relator term Autore musica
Name of part/section of a work Mister Doc (Day By Day)
9 (RLIN) 27451
700 ## - ADDED ENTRY--PERSONAL NAME
Personal name Arbore Renzo
Miscellaneous information Codice autore testo/musica SPICS: 10049
Relator term Autore testo/musica
Name of part/section of a work Mister Doc (Day By Day)
9 (RLIN) 27452
700 ## - ADDED ENTRY--PERSONAL NAME
Personal name Ferrarin
Miscellaneous information Codice autore testo/musica SPICS: 33416
Relator term Autore testo/musica
Name of part/section of a work Una "strana storia"
9 (RLIN) 27453
700 ## - ADDED ENTRY--PERSONAL NAME
Personal name Cannon
Miscellaneous information Codice autore musica SPICS: 33417
Relator term Autore musica
Name of part/section of a work Desire of Love
9 (RLIN) 27454
700 ## - ADDED ENTRY--PERSONAL NAME
Personal name Hart Lorenz
Miscellaneous information Codice autore musica SPICS: 10738
Relator term Autore musica
Name of part/section of a work Lady Is A Tramp
9 (RLIN) 27455
700 ## - ADDED ENTRY--PERSONAL NAME
Personal name Rogers
Miscellaneous information Codice autore testo/musica SPICS: 20495
Relator term Autore testo/musica
Name of part/section of a work Lady Is A Tramp
9 (RLIN) 27456
942 ## - ADDED ENTRY ELEMENTS (KOHA)
Koha item type CD AUDIO
Source of classification or shelving scheme Dewey Decimal Classification
Dati di copia
Withdrawn status Lost status Damaged status Not for loan Home library Current library Date acquired Total Checkouts Full call number Date last seen Price effective from Koha item type Public note
    Buone Condizioni Not For Loan SPICS-MEDIATECA SPICS-MEDIATECA 25/10/2013   95840 25/10/2013 25/10/2013 CD AUDIO Progr. Ins.: 22156 / N.Vol.: 1 / Copie: 1 - Copia rara: n.d. / date import: 01.01.2014 - By Epidotti, Trombetti, Vaglietti
CREDITS: SOCIETA' SAN PAOLO Via A.Severo, 58 - ROMA (RM) & PERIODICI SAN PAOLO SRL Via Giotto, 36 MILANO & CISF Via Giotto, 36 MILANO & EDIZIONI SAN PAOLO SRL,  Piazza Soncino, 5 CINISELLO BALSAMO (MI) -- ITALY